Solar energy index / (Record no. 592583)
[ view plain ]
| 000 -LEADER | |
|---|---|
| fixed length control field | 00985cam a2200265 a 4500 |
| 001 - CONTROL NUMBER | |
| control field | 1337920 |
| 003 - CONTROL NUMBER IDENTIFIER | |
| control field | NUST |
| 005 - DATE AND TIME OF LATEST TRANSACTION | |
| control field | 20221202184748.0 |
| 008 - FIXED-LENGTH DATA ELEMENTS--GENERAL INFORMATION | |
| fixed length control field | 800108s1980 nyu i s000 0 eng |
| 010 ## - LIBRARY OF CONGRESS CONTROL NUMBER | |
| LC control number | 79028724 |
| 020 ## - INTERNATIONAL STANDARD BOOK NUMBER | |
| International Standard Book Number | 0080238882 |
| 040 ## - CATALOGING SOURCE | |
| Original cataloging agency | DLC |
| Transcribing agency | DLC |
| Modifying agency | DLC |
| 043 ## - GEOGRAPHIC AREA CODE | |
| Geographic area code | n-us-az |
| 050 00 - LIBRARY OF CONGRESS CALL NUMBER | |
| Classification number | Z5853.S63 |
| Item number | A74 1980 |
| Classification number | TJ810 |
| 082 00 - DEWEY DECIMAL CLASSIFICATION NUMBER | |
| Classification number | 026.62147,MAC |
| Edition number | 21 |
| 110 2# - MAIN ENTRY--CORPORATE NAME | |
| Corporate name or jurisdiction name as entry element | Arizona State University. |
| Subordinate unit | Solar Energy Collection. |
| 9 (RLIN) | 104061 |
| 245 10 - TITLE STATEMENT | |
| Title | Solar energy index / |
| Statement of responsibility, etc. | the Arizona State University Solar Energy Collection ; compiled by and published in cooperation with the Arizona State University ; George Machovec, solar energy librarian. |
| 260 ## - PUBLICATION, DISTRIBUTION, ETC. | |
| Place of publication, distribution, etc. | New York : |
| Name of publisher, distributor, etc. | Pergamon Press, |
| Date of publication, distribution, etc. | c1980. |
| 300 ## - PHYSICAL DESCRIPTION | |
| Extent | lxiii, 942 p. ; |
| Dimensions | 29 cm. |
| 505 ## - FORMATTED CONTENTS NOTE | |
| Formatted contents note | Contents not available |
| 610 20 - SUBJECT ADDED ENTRY--CORPORATE NAME | |
| Corporate name or jurisdiction name as entry element | Arizona State University. |
| Subordinate unit | Solar Energy Collection. |
| 9 (RLIN) | 104061 |
| 650 #0 - SUBJECT ADDED ENTRY--TOPICAL TERM | |
| Topical term or geographic name entry element | Solar energy |
| General subdivision | Indexes. |
| 9 (RLIN) | 104062 |
| 700 1# - ADDED ENTRY--PERSONAL NAME | |
| Personal name | Machovec, George. |
| 9 (RLIN) | 104063 |
| 942 ## - ADDED ENTRY ELEMENTS (KOHA) | |
| Source of classification or shelving scheme | |
| Koha item type | Book |
| Call number prefix | 026.62147,MAC |
| Withdrawn status | Lost status | Source of classification or shelving scheme | Damaged status | Not for loan | Permanent Location | Current Location | Shelving location | Date acquired | Total Checkouts | Full call number | Barcode | Date last seen | Price effective from | Koha item type | Public note |
|---|---|---|---|---|---|---|---|---|---|---|---|---|---|---|---|
| Military College of Signals (MCS) | Military College of Signals (MCS) | General Stacks | 12/02/2022 | 026.62147,MAC | MCS27520 | 12/02/2022 | 12/02/2022 | Book | Almirah No.46, Shelf No.1 |
